BSOP header

Is that really you, God? / (Record no. 46436)

MARC details
000 -LEADER
fixed length control field 00903nam a2200313 a 4500
001 - CONTROL NUMBER
control field ocm10995713
003 - CONTROL NUMBER IDENTIFIER
control field OCoLC
005 - DATE AND TIME OF LATEST TRANSACTION
control field 20190515093905.0
008 - FIXED-LENGTH DATA ELEMENTS--GENERAL INFORMATION
fixed length control field 840123s1984 miu 000 0aeng
010 ## - LIBRARY OF CONGRESS CONTROL NUMBER
LC control number 84001862
020 ## - INTERNATIONAL STANDARD BOOK NUMBER
International Standard Book Number 0310607116
020 ## - INTERNATIONAL STANDARD BOOK NUMBER
International Standard Book Number 0310607124
Terms of availability $2.95
039 02 - LEVEL OF BIBLIOGRAPHIC CONTROL AND CODING DETAIL [OBSOLETE]
Level of rules in bibliographic description CI ocm10995713
040 ## - CATALOGING SOURCE
Original cataloging agency DLC
Transcribing agency DLC
Modifying agency SBI
043 ## - GEOGRAPHIC AREA CODE
Geographic area code n-us---
049 02 - LOCAL HOLDINGS (OCLC)
Holding library SBIM
100 1# - MAIN ENTRY--PERSONAL NAME
Personal name Cunningham, Loren.
245 10 - TITLE STATEMENT
Title Is that really you, God? /
Statement of responsibility, etc by Loren Cunningham with Janice Rogers ; with "A word about the supernatural" by John Sherrill.
260 ## - PUBLICATION, DISTRIBUTION, ETC. (IMPRINT)
Place of publication, distribution, etc Grand Rapids, Mich. :
Name of publisher, distributor, etc Chosen Books,
Date of publication, distribution, etc c1984.
300 ## - PHYSICAL DESCRIPTION
Extent 160 p. ;
Dimensions 21 cm.
336 ## - CONTENT TYPE
Content Type Term text
337 ## - MEDIA TYPE
Media Type Term unmediated
338 ## - CARRIER TYPE
Carrier Type Term volume
600 10 - SUBJECT ADDED ENTRY--PERSONAL NAME
Personal name Cunningham, Loren.
610 20 - SUBJECT ADDED ENTRY--CORPORATE NAME
Corporate name or jurisdiction name as entry element Youth with a Mission, Inc.
650 #0 - SUBJECT ADDED ENTRY--TOPICAL TERM
Topical term or geographic name as entry element Christian biography
Geographic subdivision United States.
700 1# - ADDED ENTRY--PERSONAL NAME
Personal name Rogers, Janice.
942 ## - ADDED ENTRY ELEMENTS (KOHA)
Source of classification or shelving scheme Library of Congress Classification
Item type Books
Holdings
Withdrawn status Lost status Source of classification or shelving scheme Damaged status Not for loan Home library Current library Shelving location Date acquired Source of acquisition Inventory number Total Checkouts Full call number Barcode Date last seen Price effective from Koha item type
    Library of Congress Classification     BSOP Library BSOP Library GC 05/15/2019 Archives 18148   BV2360 C91 00018232 05/15/2019 05/15/2019 Books
BSOP

Biblical Seminary of the Philippines
  All rights Reserved
  © 2024

CONTACT INFORMATION

Biblical Seminary of the Philippines,
  77-B Karuhatan Road, Valenzuela City,
  PHILIPPINES 1441
  Phone: +632 8292-6795 / 8292-6798
  Fax : +632 8292-6675
  Email: library@bsop.edu.ph